[Event "DVM U20 2019"]
[Site "Braunschweig GER"]
[Date "2019.12.29"]
[Round "6"]
[White "Martin, Richard"]
[Black "Habersetzer, Elyse"]
[Result "1-0"]
[Termination "normal"]
[Board "8.5"]
[WhiteElo "1930"]
[BlackElo "1650"]
[WhiteClock "01:16:18"]
[BlackClock "01:04:43"]
[WhiteTeam "OSG Baden-Baden"]
[BlackTeam "Schachklub Turm Kleve 1974 e. V."]
[PlyCount "49"]
[WhiteFideId "12925691"]
[BlackFideId "16222288"]
[EventCountry "GER"]
[EventRounds "7"]
[EventType "team-swiss"]
[EventDate "2019.12.26"]

1. e4 {[%clk 1:30:58]} e6 {[%clk 1:30:55]} 2. d4 {[%clk 1:31:25]} d5 {[%clk
1:31:21]} 3. e5 {[%clk 1:31:53]} c5 {[%clk 1:31:41]} 4. c3 {[%clk 1:32:20]} Nc6
{[%clk 1:31:57]} 5. Nf3 {[%clk 1:32:47]} Qb6 {[%clk 1:32:17]} 6. Be2 {[%clk
1:33:13]} Bd7 {[%clk 1:31:12]} 7. O-O {[%clk 1:33:20]} Nge7 {[%clk 1:28:40]} 8.
Na3 {[%clk 1:28:52]} cxd4 {[%clk 1:22:18]} 9. cxd4 {[%clk 1:29:12]} Nf5 {[%clk
1:22:14]} 10. Nc2 {[%clk 1:29:36]} Be7 {[%clk 1:21:51]} 11. Rb1 {[%clk
1:29:27]} O-O {[%clk 1:21:21]} 12. g4 {[%clk 1:29:20]} Nh4 {[%clk 1:19:59]} 13.
Nxh4 {[%clk 1:29:21]} Bxh4 {[%clk 1:20:15]} 14. g5 {[%clk 1:26:50]} f6 {[%clk
1:15:55]} 15. gxf6 {[%clk 1:26:58]} gxf6 {[%clk 1:16:04]} 16. Bh6 {[%clk
1:27:08]} Rfd8 {[%clk 1:14:52]} 17. Bh5 {[%clk 1:22:24]} f5 {[%clk 1:11:03]}
18. Kh1 {[%clk 1:21:00]} Kh8 {[%clk 1:03:52]} 19. Rg1 {[%clk 1:15:48]} Rg8
{[%clk 1:03:33]} 20. Bf7 {[%clk 1:16:12]} Bxf2 {[%clk 1:03:38]} 21. Rxg8+
{[%clk 1:16:08]} Rxg8 {[%clk 1:03:58]} 22. Bxg8 {[%clk 1:16:28]} Kxg8 {[%clk
1:04:18]} 23. Qh5 {[%clk 1:15:38]} Ne7 {[%clk 1:04:26]} 24. Qg5+ {[%clk
1:15:54]} Ng6 {[%clk 1:04:43]} 25. Qf6 {[%clk 1:16:18]} 1-0